| 000 | 00545nam a2200193Ia 4500 | ||
|---|---|---|---|
| 008 | 231221s9999 xx 000 0 und d | ||
| 020 | _a9790000000000 | ||
| 041 | _aEnglish | ||
| 082 | _a001.6404 GAO;86 | ||
| 100 | _aGaonkar, Ramesh S. | ||
| 245 | 0 | _aMicroprocessor architecture, programming and applications with 8085 | |
| 250 | _a5th ed. | ||
| 260 |
_c2010 _bPenram International _aMumbai |
||
| 300 | _ax, 820 | ||
| 300 | _c77265 | ||
| 500 | _aSC-ST(1875) | ||
| 650 | _aMicroprocessor,architecture,,programming,8085 | ||
| 942 | _cCD | ||
| 999 |
_c212516 _d212516 |
||